LEADER 01406nam a2200289 u 4500 001 000000006963 003 CaOOAMICUS 005 20070226104930.0 008 941029n1975 it u000 u ita u 035 $a10182088 040 $aMSA$bita$dPUL(R) 100 1 $aLabruna, Luigi,$d1937-$0(OLS)http://pul/name/5414 245 13$aIl Console "sovversivo" :$bMarco Emilio Lepido e la sua rivolta /$cLuigi Labruna. 260 $aNapoli :$bLiguori,$c1975. 300 $a184 p. ;$c25 cm 490 1 $aSocietà e diritto di Roma ;$v2 600 10$aLepidus, Marcus Aemilius,$dd. ca. 77 B.C.$2//eng$0(OLS)http://pul/subject/6210 830 0$aSocietà e diritto di Roma ;$v2.$0(OLS)http://pul/title/10215 850 $aPUL 852 $aPUL$W1$xDP1 Fondo Ciprotti$y59$m1538 D 18$j9826$nBK-PRI$b $qFondi$B9826$CPULBib$Z2$F9826 $H $81 852 $aPUL$W1$xDP1 Fondo Gelio$y54$m2 B 8$j9827$nBK-PRI$b $qFondi$B9827$CPULBib$Z2$F9827 $H $81 852 $aPUL$W1$xSL Diritto e Scienze Sociali 1$y4$m184 H 11$j124097$ac. 3$qStampati$B122969$CPULBib$Z2$F122969 $H44960 $82 941 1 $a1 941 1 $a8 961 $aINV: Fondo Ciprotti 996 $6245$aIl Console "sovversivo" :$bMarco Emilio Lepido e la sua rivolta$9(OLS)http://pul/title/10214 996 $6260$aNapoli :$bLiguori$9(OLS)http://pul/publisher/48007 LEADER 01127nam a2200253 u 4500 001 000000025662 003 CaOOAMICUS 005 20070226111505.0 008 951013s1987 enk u000 u eng u 035 $a10658909 040 $aAAR$bita 100 1 $aKnibb, Michael A.$0(OLS)http://pul/name/21252 245 14$aThe Qumran Community. 260 $aCambridge :$bCambridge University press,$c[1987] 300 $ax, 275 p. ;$c23 cm 490 1 $aCambridge commentaries on writings of the Jewish and Christian world 200 B.C. to 200 A.D. ;$v2 630 00$aDead Sea scrolls.$2//eng$0(OLS)http://pul/subject/12959 830 0$aCambridge commentaries on writings of the Jewish and Christian world 200 B.C. to 200 A.D. ;$v2.$0(OLS)http://pul/title/35342 850 $aPUL 852 $aPUL$W1$xDP1 Fondo Ciprotti$y59$m1534 F 14$j35856$nBK-PRI$b $qFondi$B35856$CPULBib$Z2$F35856 $H $81 941 1 $a1 961 $aINV: 0680. Fondo Ciprotti 996 $6245$aThe Qumran Community$9(OLS)http://pul/title/35341 996 $6260$aCambridge :$bCambridge University press$9(OLS)http://pul/publisher/58964